000 00740nam a2200289Ia 4500
005 20260324133629.0
008 008 260324s9999 xx 000 0 eng d
020 _a9780203018101
037 _aEBOOK
040 _aCRL
040 _beng
040 _cCRL
041 _2eng
041 _aeng
084 _qCRL
100 _aClarence Lusane
_91193801
245 0 _aHitler's Black Victims
245 4 _bThe Historical Experiences of European Blacks, Africans and African Americans During the Nazi Era
260 _bTaylor and Francis
260 _c2003
365 _a
365 _b195
856 _uhttp://www.taylorfrancis.com/books/9780203018101
942 _cEBOOK
999 _c1793056
_d1793056